000 00697nam a2200289Ia 4500
005 20260121124541.0
008 008 260114s9999 xx 000 0 eng d
020 _a9780520313118
037 _aEBOOK
040 _aCRL
040 _beng
040 _cCRL
041 _2eng
041 _aeng
084 _qCRL
100 _aSosna, Morton
_9977910
245 4 _aThe Boundaries of Humanity
260 _bWalter de Gruyter
260 _bWalter de Gruyter
260 _c2024
650 _aPhilosophy
_9977911
700 _a Sheehan, James J.
_9977912
856 _uhttp://www.degruyter.com/isbn/9780520313118
942 _cEBOOK
999 _c1555431
_d1555431